[Event "Washington Open"]
[Site "Chess.com"]
[Date "2020.05.25"]
[Round "?"]
[White "Zhang, Zhibo"]
[Black "Ghosh, Yohan"]
[Result "0-1"]
[WhiteElo "843"]
[BlackElo "825"]
[PlyCount "86"]
[EventDate "2020.??.??"]

1. e4 e5 2. Nf3 Nc6 3. Bc4 Nf6 4. Nc3 Bc5 5. d3 O-O 6. Bg5 d6 7. a3 Bg4 8. b4
Bd4 9. Qd2 Bxc3 10. Qxc3 Bxf3 11. gxf3 Nd4 12. O-O Nxf3+ 13. Kg2 Nxg5 14. Rfe1
Ne6 15. Rad1 Nd4 16. Qd2 Ng4 17. h3 Nf6 18. Qg5 Nd7 19. Qg4 Nxc2 20. Re2 Nd4
21. Re3 Nf6 22. Qh4 Nd5 23. Qg4 Nxe3+ 24. fxe3 Nc6 25. Rg1 Qc8 26. Qg3 g6 27.
Rf1 a5 28. bxa5 Nxa5 29. Bd5 c6 30. Ba2 b5 31. Qf3 Qd7 32. Qf6 Qd8 33. Bxf7+
Rxf7 34. Qxf7+ Kh8 35. Rf6 Nb3 36. Qxb3 Qxf6 37. Qc2 Rxa3 38. Qxc6 Rxd3 39.
Qxb5 Qg5+ 40. Kf2 Qxe3+ 41. Kg2 Rd2+ 42. Kh1 Qe1+ 43. Qf1 Qxf1# 0-1